书目信息 |
| 题名: |
涵芬楼古今文钞
|
|
| 作者: | 吴会祺 编纂 | |
| 分册: | 第十三册 | |
| 出版信息: | 上海 商务印书馆 1919.01 |
|
| 页数: | 全一册 | |
| 开本: | 20.3*13.3cm | |
| 丛书名: | ||
| 单 册: | ||
| 中图分类: | Z212.5 | |
| 科图分类: | ||
| 主题词: | 百科全书 | |
| 电子资源: | ||
| ISBN: | ||
| 000 | 00674nam0 2200229 450 | |
| 001 | 0638463343 | |
| 005 | 20061020142214.51 | |
| 010 | @b线装@dCNY35.00(全套) | |
| 100 | @a20061020d1919 km y0chiy0120 ea | |
| 101 | 0 | @achi |
| 102 | @aCN@b310000 | |
| 102 | @aCN@b110000 | |
| 200 | 1 | @a涵芬楼古今文钞@h第十三册@Ahan fen lou gu jin wen chao@f吴会祺编纂@Fwu hui qi bian zuan |
| 210 | @a上海@c商务印书馆@d1919.01 | |
| 215 | @a全一册@d20.3*13.3cm | |
| 300 | @a第十三至第十八册为本函,共十七函一百册,线装 | |
| 300 | @a宣统二年出版 | |
| 606 | 0 | @a百科全书 |
| 690 | @aZ212.5@v3 | |
| 701 | 0 | @a吴会祺@Awu hui qi@4编纂 |
| 801 | 0 | @aCN@bPFT@c20061020 |
| 905 | @a10447@dZ212.5@e31:13 | |
| 涵芬楼古今文钞.第十三册/吴会祺编纂.-上海:商务印书馆,1919.01 |
| 全一册;20.3*13.3cm |
| 第十三至第十八册为本函,共十七函一百册,线装.-宣统二年出版 |
| ISBN (线装):CNY35.00(全套) |
| ● |
| 相关链接 |
|
|
|
|
正题名:涵芬楼古今文钞
索取号:Z212.5/31:13
 
预约/预借
| 序号 | 登录号 | 条形码 | 馆藏地/架位号 | 状态 | 备注 |
| 1 | 0265424 | 202414244 | 古籍典藏专区/ [索取号:Z212.5/31:13] | 在馆 |